000 01242nmm a2200325 a 4500
003 AR-BaBNM
005 20251128204039.0
008 276019s1981 ||||||||||||||000 | spa||
020 _a92-3-301908-X
040 _cAR-BaBNM
100 1 _aBlat Gimeno, José
245 1 0 _aLa educación en América Latina y el Caribe en el último tercio del siglo XX
260 _aParís
_bUnesco
_c1981
300 0 _a210 p.
_btablas
500 1 _aUNESCO: Organización de las Naciones Unidas para la organización de la Educación, la Ciencia y la Cultura
500 0 _aCEPAL: Comisión Económica para América Latina
500 0 _aOEA: Organización de Estados Americanos
504 _aBibliografía: p. 209-210
650 4 _aCOOPERACION INTERNACIONAL
650 4 _aORGANIZACION DE LA EDUCACION
650 4 _aEDUCACION Y EMPLEO
650 4 _aEDUCACION PERMANENTE
650 4 _aPOLITICA EDUCATIVA
651 4 _aCaribe
651 4 _aAmérica Latina
653 _aEDUCACION SUPERIOR
711 2 _aConferencia regional de Ministros de Educación y de Ministros encargados de la Planificación Económica de los Estados Miembros de América Latina y del Caribe
_cMéxico, D.F., México
_9dic. 4-13
_d1979
942 _cBK
998 _csilvi
999 _c5953
_d5953